Lesebuch: deutsche literatura zwischen 1945 und 1959
Sparad:
| Huvudupphovsman: | |
|---|---|
| Materialtyp: | Bok |
| Språk: | German |
| Publicerad: |
Berlín, Alemania
Verlag Klaus Wagenbach
1980
|
| Ämnen: | |
| Taggar: |
Lägg till en tagg
Inga taggar, Lägg till första taggen!
|
MARC
| LEADER | 00000nam a2200000Ia 4500 | ||
|---|---|---|---|
| 008 | 170316s9999 xx 000 0 ger d | ||
| 040 | |a cru BVZT | ||
| 090 | |a 830 W-1L | ||
| 100 | |a Wagenbach, Klaus | ||
| 245 | |a Lesebuch: deutsche literatura zwischen 1945 und 1959 | ||
| 260 | |a Berlín, Alemania | ||
| 260 | |b Verlag Klaus Wagenbach | ||
| 260 | |c 1980 | ||
| 300 | |a 223 páginas | ||
| 650 | |a LITERATURA ALEMANA | ||
| 999 | |c 7448 |d 7448 | ||
| 942 | |c 15 D |h 830 W-1L |2 z | ||
